[Event "Chigorin Memorial 26th"]
[Site "St Petersburg"]
[Date "2018.11.04"]
[Round "9"]
[White "Myslevsky, Fedor"]
[Black "Petrova, Anzhelika"]
[Result "1/2-1/2"]
[WhiteElo "1617"]
[BlackElo "1445"]
[PlyCount "185"]
[EventDate "2018.10.27"]
[EventType "swiss"]
[EventRounds "9"]
[EventCountry "RUS"]
[SourceTitle "CBM 187 Extra"]
[Source "ChessBase"]
[SourceDate "2018.11.04"]
[SourceVersion "1"]
[SourceVersionDate "2018.11.04"]
[SourceQuality "1"]

1. d4 d5 2. Nf3 Nf6 3. e3 e6 4. c4 dxc4 5. Bxc4 c5 6. 0-0 a6 7. dxc5 Qxd1 8. Rxd1 Bxc5 9. a4 0-0 10. b3 b6 11. Bb2 Bb7 12. Nc3 Nc6 13. Bd3 Na5 14. Bc2 Nd5 15. Nxd5 Bxd5 16. Ba3 Nxb3 17. Bxb3 Bxb3 18. Rdb1 Bd5 19. Ne5 Rfd8 20. Bxc5 bxc5 21. Rc1 f6 22. Nd3 c4 23. Nb2 Rdc8 24. Rc2 Rab8 25. f3 e5 26. e4 Be6 27. Rac1 Rb4 28. Kf2 Kf7 29. Ke3 Ke7 30. Kf2 c3 31. Nd1 Rxa4 32. Rxc3 Rac4 33. Ke3 Rxc3+ 34. Nxc3 Kd6 35. Kd2 Rb8 36. Kc2 a5 37. Ra1 Bb3+ 38. Kd3 Ra8 39. Ne2 a4 40. Nc1 Rc8 41. Nxb3 axb3 42. Rb1 Rb8 43. Kc4 b2 44. Rd1+ Kc6 45. Rb1 Kd6 46. Rd1+ Ke6 47. Rb1 f5 48. Kc3 fxe4 49. fxe4 Kf6 50. h4 g5 51. h5 g4 52. Kd3 Kg5 53. g3 Kxh5 54. Kc4 Kg5 55. Kd5 Kf6 56. Rf1+ Ke7 57. Rb1 Kf6 58. Rf1+ Kg5 59. Rb1 h5 60. Kxe5 h4 61. gxh4+ Kxh4 62. Kf4 Rf8+ 63. Ke3 Rf3+ 64. Ke2 Rb3 65. e5 Rb5 66. e6 Re5+ 67. Kf1 Rxe6 68. Rxb2 Rf6+ 69. Kg1 Kg3 70. Rg2+ Kh4 71. Rh2+ Kg5 72. Rc2 Re6 73. Rc5+ Kf4 74. Rc4+ Kg3 75. Rc3+ Kh4 76. Rc1 Re3 77. Rd1 Kh3 78. Rc1 Kg3 79. Rf1 Kh4 80. Rd1 Kh3 81. Rc1 g3 82. Rd1 Rc3 83. Rb1 Kg4 84. Rd1 Rc2 85. Ra1 Kh3 86. Rb1 Rg2+ 87. Kh1 Rh2+ 88. Kg1 Rg2+ 89. Kh1 Rd2 90. Kg1 Rd3 91. Rc1 g2 92. Rb1 Kg3 93. Rb3 1/2-1/2